African review of money finance and banking.

Bibliographic Details
Corporate Authors: Finafrica (Institution), "Giordano dell'Amore" Foundation
Format: Serial
Language:English
French
Language Notes:In English and French.
Published: Milan, Italy : Finafrica, Centre for Financial Assistance to African Countries, 1987-
Subjects:
Online Availability: Check for online availability

MARC

Tag First Indicator Second Indicator Subfields
LEADER 00000cas a2200000 a 4500
001 in00002785837
005 20151202172144.0
006 m o d
007 cr |||||||||||
008 100427c19879999it ar oo 0 0eng c
010 |a  2012235400 
019 |a 655232521 
022 |y 1124-3163  |y 0393-4551 
029 0 |a OCLCS  |b OP-73766 
035 |a (OCoLC)ocn609713071 
035 |a (OCoLC)609713071  |z (OCoLC)655232521 
040 |a OCLCS  |b eng  |c OCLCS  |d OCLCS  |d OCLCQ  |d OCLCE  |d EYM  |d HUL  |d OCLCQ  |d TXA  |d UtOrBLW 
041 0 |a eng  |a fre 
042 |a pcc 
043 |a f------ 
049 |a TXAM 
050 4 |a HG46  |b .A36 Electronic 
082 0 4 |a 332/.096/05  |2 20 
245 0 0 |a African review of money finance and banking. 
264 1 |a Milan, Italy :  |b Finafrica, Centre for Financial Assistance to African Countries,  |c 1987- 
310 |a Annual,  |b 1993- 
321 |a Annual,  |b 1987-1990 
321 |a Semiannual,  |b 1991-1992 
336 |a text  |b txt  |2 rdacontent 
337 |a computer  |b c  |2 rdamedia 
338 |a online resource  |b cr  |2 rdacarrier 
362 1 |a Began with: No. 1 (1987). 
515 |a Some issues published in combined form; 1993 complete in one issue. 
538 |a Mode of access: World Wide Web. 
546 |a In English and French. 
550 |a Vols. for 1994- issued by "Giordano dell'Amore" Foundation. 
588 |a Description based on: No. 1 (1987); title from PDF cover (JSTOR, viewed May 18, 2012). 
588 |a Latest issue consulted: 2006 (JSTOR, viewed May 18, 2012). 
500 |a Electronic resource. 
650 0 |a Finance  |z Africa  |v Periodicals. 
650 0 |a Banks and banking  |z Africa  |v Periodicals. 
710 2 |a Finafrica (Institution) 
710 2 |a "Giordano dell'Amore" Foundation. 
730 0 |a Savings and development. 
772 0 |t Savings and development  |w (DLC) 2012235298  |w (OCoLC)793922351 
776 0 8 |i Print version:  |t African review of money finance and banking  |x 1124-3163  |w (DLC) 90660201  |w (OCoLC)18999554 
948 |a cataloged  |b h  |c 2012/12/20  |d c  |e spoltoratski  |f 9:11:03 am  |g sc 
994 |a C0  |b TXA 
999 |a MARS 
999 f f |s 455f6a7b-298f-3fea-8e9a-14dd96623d53  |i 05154763-870c-3013-b4ed-0a61ec177770  |t 0 
952 f f |a Texas A&M University  |b College Station  |c Electronic Resources  |d Available Online  |t 0  |e HG46 .A36  |g Electronic  |h Library of Congress classification 
998 f f |a HG46 .A36  |t 0  |l Available Online